| 000 | 01163nam a2200205Ii 4500 | ||
|---|---|---|---|
| 003 | JO-AjNU | ||
| 008 | 230605s9999||||xx |||||||||||||| ||und|| | ||
| 020 | _a978-9953-78-303-1 | ||
| 040 |
_aJO-AjNU _bara _erda _cJO-AjNU |
||
| 041 | _aara | ||
| 050 | 1 | 4 | _aCB53.D8712 2010 |
| 100 | 3 |
_aديورانت، ول وايريل؛ ترجمة محمد بدران, _eauthor _960430 |
|
| 245 | 0 | 0 | _aقصة الحضارة: النهضة وهو يروي تاريخ الحضارة في ايطاليا من مولد بترارك كتى ممات تيشيان من 1304 الى 1576 والاصلاح الديني، ج 21-22،مجلد 5، الجزء الرابع، المجلد السادس، الجزء الاول |
| 264 | 3 | 1 | _aبيروت،تونس: دار الجيل للنشر والطباعة والتوزيع،المنظمة العربية للتربية والثقافة والعلوم، 2010 |
| 300 | _aج 21-22، مجلد5، الجزء الرابع، مجاد6، الجزء الاول: ترقيم متعدد | ||
| 336 |
_atext _btxt _2rdacontent |
||
| 337 |
_aunmediated _bn _2rdamedia |
||
| 338 |
_avolume _bnc _2rdacarrier |
||
| 650 | 4 |
_aالحضارة-تاريخ _960431 |
|
| 999 |
_aA27249 _c30817 _d30817 |
||